Une année, une chanson française #1 - Statistiques

Statistiques générales
  • Ce quiz a été pris 177 fois
  • Le résultat moyen est 41 sur 70
Statistiques - réponses
Année Titre Interprète % Correct
2009 Alors on danse Stromae
94%
1976 Cette année-là Claude François
91%
1960 Non, je ne regrette rien Édith Piaf
91%
1980 Il jouait du piano debout France Gall
90%
1987 Sans contrefaçon Mylène Farmer
89%
1969 Que je t'aime Johnny Hallyday
87%
2011 Elle me dit Mika
87%
2000 Moi... Lolita Alizée
85%
1970 L'aigle noir Barbara
85%
1978 Le Chanteur Daniel Balavoine
85%
1997 Savoir Aimer Florent Pagny
85%
2008 Toi + moi Grégoire
85%
1995 Zen Zazie
85%
2002 Au soleil Jenifer
84%
2017 La Grenade Clara Luciani
83%
1994 La Corrida Francis Cabrel
83%
2013 Dernière Danse Indila
83%
2001 Je serai (ta meilleure amie) Lorie
83%
1968 Siffler sur la colline Joe Dassin
81%
1975 Le Sud Nino Ferrer
81%
2018 Ta marinière Hoshi
80%
1961 Santiano Hugues Aufray
80%
2014 Un jour au mauvais endroit Calogero
78%
1959 Salade de fruits Bourvil
74%
2012 Parler à mon père Céline Dion
74%
2016 Un homme debout Claudio Capéo
74%
2006 La lettre Renan Luce
74%
2004 Mourir demain Pascal Obispo & Natasha St-Pier
73%
1972 On ira tous au paradis Michel Polnareff
71%
1958 Le poinçonneur des Lilas Serge Gainsbourg
71%
2010 Soulman Ben l'Oncle Soul
70%
2005 Le dîner Bénabar
69%
2007 Divine idylle Vanessa Paradis
69%
1993 Il me dit que je suis belle Patricia Kaas
66%
1982 Afrique adieu Michel Sardou
64%
2021 Le Dernier Jour du disco Juliette Armanet
63%
1974 Le Chasseur Michel Delpech
63%
1979 Le Cœur grenadine Laurent Voulzy
61%
1998 Ton invitation Louise Attaque
59%
1985 Macumba Jean-Pierre Mader
55%
1966 Les Jolies Colonies de vacances Pierre Perret
55%
2023 La Symphonie des éclairs Zaho de Sagazan
55%
1986 L'Amour à la plage Niagara
54%
1962 Le lion est mort ce soir Henri Salvador
53%
1999 Aller plus haut Tina Arena
53%
1973 Message personnel Françoise Hardy
52%
2022 Popcorn salé Santa
52%
1965 L'amour c'est comme une cigarette Sylvie Vartan
50%
1977 Où sont les femmes ? Patrick Juvet
48%
2024 Ceux qu'on était Pierre Garnier
45%
1992 Rien que de l'eau Véronique Sanson
40%
1964 L'Orange Gilbert Bécaud
38%
1989 Aimons-nous vivants François Valéry
36%
1983 Mise au point Jakie Quartz
36%
1955 Route Nationale 7 Charles Trenet
35%
1967 Déshabillez-moi Juliette Gréco
31%
2003 Dis-moi que l'amour Marc Lavoine
31%
1984 T'as le look, coco Laroche-Valmont
28%
1971 Merci Patron Les Charlots
26%
1957 Gondolier Dalida
23%
1963 Ma biche Frank Alamo
23%
2019 Donnez-moi Les Frangines
23%
1990 Oui, je l'adore Pauline Ester
22%
1996 Les poèmes de Michelle Teri Moïse
20%
2015 Ton visage Fréro Delavega
19%
2020 On t'emmène Trois Cafés gourmands
18%
1988 Du soleil dans la nuit Gérard Blanc
16%
1981 Les Nouveaux Romantiques Karen Cheryl
12%
1991 Natalie Wood Jil Caplan
9%
1956 Je vais revoir ma blonde Dario Moreno
3%
Aucun quiz correspondant
Distribution des résultats
% des personnes avec chaque résultat
Percentile par nombre de réponses
Votre historique - résultats
Vous n’avez pas pris ce quiz